[Event "Guillermo Garcia mem-B"]
[Site "Santa Clara"]
[Date "1999.05.26"]
[Round "3"]
[White "Vilela, Jose Luis"]
[Black "Oms Pallise, Josep"]
[Result "1/2-1/2"]
[WhiteElo "2396"]
[BlackElo "2444"]

1.d4 Nf6 2.c4 e6 3.Nf3 b6 4.a3 Ba6 5.Nbd2 c5 6.e3 Be7 7.b3 O-O 8.Bb2 d6 9.Bd3 Nbd7
10.O-O Bb7 11.Qe2 Re8 12.dxc5 bxc5 13.b4 cxb4 14.axb4 a5 15.b5 Nc5 16.Bc2 Nfd7
17.e4 Bf6 18.e5 Nxe5 19.Nxe5 Bxe5 20.Bxe5 dxe5 21.Ne4 Qe7 22.Rfd1 Red8 23.Nxc5 Qxc5
24.Be4 Bxe4 25.Qxe4 g6 26.h3 a4 27.Rd3 Rxd3 28.Qxd3 a3 29.Qb3 Kg7 30.Ra2 Rc8
31.Rc2 Rd8 32.Kh2 h5 33.Qe3 Rd4 34.b6 Qxb6 35.Qxe5+ f6 36.c5 Qb3 37.Qe2 Ra4
38.c6 a2 39.c7 Ra8 40.c8=Q Rxc8 41.Rxa2 Rc7 42.h4 Qd5 43.Rd2 Qf5 44.g3 e5
45.Qe3 Rd7 46.Ra2 Qg4 47.Ra8 Qd4 48.Qe2 Qd5 49.Qa2 Qxa2 50.Rxa2 Kf7 51.Kg2 Ke6
52.Ra6+ Rd6 53.Ra8 Rd2 54.Rg8 Kf5 55.Rg7 e4 56.Re7 Rd3 57.Re8 Ra3 58.Re7 Ra6
59.Re8 Re6 60.Ra8 Ke5 61.Ra5+ Kd4 62.Ra4+ Kd3 63.Ra3+ Kc4 64.Ra4+ Kb5 65.Ra8 f5
66.Kf1 Kc5 67.Ke2 Rb6 68.Rd8 Rd6 69.Ra8  1/2-1/2

[Event "Ostrava zt (Women)"]
[Site "Ostrava"]
[Date "1999.05.27"]
[Round "6"]
[White "Bobrowska, Monika"]
[Black "Peptan, Corina"]
[Result "0-1"]
[WhiteElo "2440"]
[BlackElo "2427"]

1.d4 Nf6 2.Nf3 e6 3.c4 b6 4.a3 Ba6 5.Qc2 Bb7 6.Nc3 c5 7.e4 cxd4 8.Nxd4 Nc6
9.Nxc6 Bxc6 10.Bf4 Bc5 11.Be2 O-O 12.O-O-O Ne8 13.Bg3 e5 14.Rhf1 Qe7 15.f4 Be3+
16.Kb1 exf4 17.Bxf4 Bxf4 18.Rxf4 Nf6 19.Bd3 d6 20.Ne2 Rae8 21.Ng3 g6 22.Rdf1 Nd7
23.h4 Ne5 24.Qe2 Kg7 25.Bc2 Bb7 26.h5 Qg5 27.Qe3 Kg8 28.Bb3 Ba6 29.hxg6 hxg6
30.Ne2 Bxc4 31.Bxc4 Nxc4 32.Qc3 Rc8 33.Rh1 Qe5 34.Qxe5 dxe5 35.Rfh4 Kg7 36.Rh7+ Kf6
37.Ka2 Ne3 38.g3 Rc2 39.Nc3 Ke6 40.Re1 Ng4 41.Rd1 Nf2 42.Rf1 Rd8 43.Nb1 Rd1  0-1

[Event "Salongernas IM"]
[Site "Stockholm"]
[Date "1999.06.05"]
[Round "1"]
[White "Sandstrom, Ludvig"]
[Black "Lindberg, Bengt"]
[Result "1/2-1/2"]
[WhiteElo "2356"]
[BlackElo "2307"]

1.d4 Nf6 2.c4 e6 3.Nf3 b6 4.a3 Ba6 5.Qc2 Bb7 6.Nc3 c5 7.dxc5 bxc5 8.Bf4 d6
9.Rd1 Qb6 10.e3 Be7 11.Be2 O-O 12.O-O Rd8 13.Rd2 h6 14.h3 Na6 15.Rfd1 Rab8
16.e4 e5 17.Be3 Nc7 18.Nd5  1/2-1/2

[Event "Fan Adams Int f-A"]
[Site "New York"]
[Date "1999.06.27"]
[Round "4"]
[White "Fedorowicz, John P"]
[Black "Burnett, Ronald"]
[Result "1/2-1/2"]
[WhiteElo "2574"]
[BlackElo "2420"]

1.d4 Nf6 2.Nf3 e6 3.c4 b6 4.a3 d5 5.cxd5 exd5 6.Qa4+ Bd7 7.Qb3 Be7 8.Nc3 c6
9.g3 O-O 10.Bg2 Be6 11.O-O Nbd7 12.Ng5 Bf5 13.Rd1 h6 14.Nf3 Ne4 15.Bf4 Nxc3
16.Qxc3 Rc8 17.Rac1 Re8 18.b4 Bf6 19.Qb2 Qe7 20.b5 c5 21.Be3 Be4 22.Bh3  1/2-1/2

[Event "EUCup99 (Women)"]
[Site "Nova Gorica"]
[Date "1999.07.05"]
[Round "7"]
[White "Ulms, Sandra"]
[Black "Khurtsidze, Nino"]
[Result "0-1"]
[WhiteElo "2116"]
[BlackElo "2417"]

1.d4 Nf6 2.c4 e6 3.Nf3 b6 4.a3 Bb7 5.Nc3 Be7 6.Bg5 O-O 7.e3 d6 8.Bd3 c5 9.O-O Nbd7
10.Rc1 Rc8 11.Qe2 h6 12.Bh4 Re8 13.Bg3 Qc7 14.Rfd1 cxd4 15.Nxd4 a6 16.b4 Qb8
17.Bb1 Ne5 18.Bxe5 dxe5 19.Nb3 a5 20.Na2 Qa8 21.f3 axb4 22.axb4 Qa3 23.Nd2 Bxb4
24.Nxb4 Qxb4 25.Bd3 Red8 26.Rb1 Qd6 27.Nb3 Qc7 28.c5 bxc5 29.Rdc1 Qd6 30.Nxc5 Bxf3
31.gxf3 Rxc5 32.Rxc5 Qxc5 33.Re1 Qc3 34.Bb1 g6 35.Qa6 Qxe1+  0-1

[Event "Komercni Banka op"]
[Site "Pardubice"]
[Date "1999.07.18"]
[Round "3"]
[White "Gretarsson, Helgi Ass"]
[Black "Tolstikh, Nikolay"]
[Result "1-0"]
[WhiteElo "2521"]
[BlackElo "2413"]

1.d4 Nf6 2.c4 e6 3.Nf3 b6 4.a3 Ba6 5.e3 d5 6.Nbd2 Be7 7.Qa4+ c6 8.Qc2 O-O
9.e4 c5 10.dxc5 bxc5 11.Bd3 h6 12.cxd5 exd5 13.Bxa6 Nxa6 14.O-O dxe4 15.Nxe4 Nxe4
16.Qxe4 Bf6 17.Qc4 Qc8 18.Rb1 Rb8 19.b3 Rb6 20.Be3 Qe6 21.Qxe6 Rxe6 22.Rfc1 Be7
23.Rc4 Rb8 24.Kf1 f5 25.g3 Rb7 26.h4 Reb6 27.Nd2 Rb5 28.Rf4 g5 29.Rxf5 gxh4
30.gxh4 Bxh4 31.Bxh6 Rf7 32.Rxf7 Kxf7 33.Be3 Be7 34.Rc1 Ke6 35.Ke2 Kd5 36.Rh1 Nc7
37.Rh7 Kd6 38.Rh6+ Kd7 39.Kd3 Rb6 40.Rh7 Rd6+ 41.Kc4 Nd5 42.Bxc5 Nb6+ 43.Kb5 Rxd2
44.Rxe7+ Kd8 45.Rxa7 Nd7 46.Be3  1-0

[Event "Komercni Banka op"]
[Site "Pardubice"]
[Date "1999.07.19"]
[Round "4"]
[White "Mirovshchikov, Sergey"]
[Black "Polak, Tomas"]
[Result "1/2-1/2"]
[WhiteElo "2358"]
[BlackElo "2488"]

1.d4 Nf6 2.c4 e6 3.Nf3 b6 4.a3 Bb7 5.Nc3 d5 6.cxd5 exd5 7.Bg5 Be7 8.Bxf6 Bxf6
9.g3 O-O 10.Bg2 c5 11.O-O Re8 12.e3 Na6 13.Re1 Qd7 14.Rb1 Rac8 15.Re2 c4
16.b4 b5 17.a4 Nc7 18.axb5 Nxb5 19.Nxb5 Qxb5 20.Ra2 a6 21.Ra5 Qd7 22.Qe1 Bd8
23.Raa1 Bb6 24.Qc3 Ra8 25.Nd2 Ra7 26.Rb2 Raa8 27.Nb1 a5 28.b5 Bd8 29.Qc2 Be7
30.Nc3 Bb4 31.Rab1 Qd6 32.h3 g6 33.Ra2 Kg7 34.Ra4 Qd7 35.Ra2 h5 36.h4 Qd8
37.Ra4 Qd7 38.Ra2 Kg8 39.Rab2 Ba3 40.Ra2 Bb4 41.Rab2 Kg7  1/2-1/2

[Event "Dutch Open"]
[Site "Dieren"]
[Date "1999.07.20"]
[Round "1"]
[White "Bakker, Sven"]
[Black "Janssen, Ruud"]
[Result "1/2-1/2"]
[WhiteElo "2144"]
[BlackElo "2448"]

1.d4 Nf6 2.c4 e6 3.Nf3 b6 4.a3 Ba6 5.Qc2 c5 6.e4 cxd4 7.Nxd4 Bc5 8.Nb3 Nc6
9.Nc3 O-O 10.Bd3 Ne5 11.Bf4 Nxd3+ 12.Qxd3 d5 13.Nxc5 Bxc4 14.Qd4 bxc5 15.Qxc5 Rc8
16.Qd4 Nxe4 17.Nxe4 dxe4 18.Qxd8 Rfxd8 19.Rc1 f6 20.f3 exf3 21.gxf3 a5 22.Kf2 a4
23.Rhd1 Bb3 24.Rxd8+ Rxd8 25.Rc7 h5 26.Ke2 Kh7 27.Bd2 Kg6 28.Rc1 Kf5 29.Rg1 Bc4+
30.Ke1 g5 31.h4 g4 32.fxg4+ hxg4 33.h5 Bd5 34.Kf2 Bf3 35.Be3 Rc8 36.Rc1 Rxc1
37.Bxc1 e5 38.Kg3 Ke6 39.Bd2 Kf7 40.Bb4 Kg7 41.Be7 Kf7 42.h6 Be4 43.Bd8 Bf5
44.Kh4 Ke6 45.Kg3 Kf7 46.Kh4 e4 47.h7 Bxh7 48.Kxg4 Ke6 49.Kf4 f5 50.Ke3 Kd5
51.Bc7  1/2-1/2

[Event "Biel MTO"]
[Site "Biel"]
[Date "1999.07.21"]
[Round "2"]
[White "Bagirov, Vladimir"]
[Black "Jurek, Josef"]
[Result "1-0"]
[WhiteElo "2471"]
[BlackElo "2336"]

1.d4 Nf6 2.c4 e6 3.Nf3 b6 4.a3 Bb7 5.Nc3 d5 6.cxd5 exd5 7.g3 Be7 8.Bg2 O-O
9.O-O Na6 10.Ne5 c5 11.dxc5 Nxc5 12.b4 Nce4 13.Bb2 a5 14.Qd4 axb4 15.axb4 Qd6
16.Nxe4 dxe4 17.Qxd6 Bxd6 18.b5 Bd5 19.Nc6 Rxa1 20.Rxa1 Bc4 21.Bxf6 gxf6
22.Nd4 Be5 23.Rc1 Bxd4 24.Rxc4 Rd8 25.Bxe4 Bc5 26.e3 Rd1+ 27.Kg2 Rd2 28.Kf3 Rb2
29.Bc6 Rb4 30.Rc2 Kg7 31.Rd2 Be7 32.Rd7 Bc5 33.Bd5 Rxb5 34.Bxf7 Rb4 35.Be6+ Kh8
36.Rf7  1-0

[Event "Paris-ch"]
[Site "Paris"]
[Date "1999.07.21"]
[Round "5"]
[White "Komarov, Dimitri"]
[Black "Mohebbi, Jafar"]
[Result "1-0"]
[WhiteElo "2582"]
[BlackElo "2292"]

1.d4 Nf6 2.c4 e6 3.Nf3 b6 4.a3 Ba6 5.Qc2 Bb7 6.Nc3 d5 7.cxd5 exd5 8.Bf4 c6
9.e3 Bd6 10.Ne5 O-O 11.Bd3 Qe7 12.O-O h6 13.Rfe1 Nbd7 14.e4 Nh5 15.Nxc6 Bxc6
16.exd5 Qf6 17.Bxd6 Qxd6 18.dxc6 Ndf6 19.Nb5 Qf4 20.g3 Qb8 21.c7 Qc8 22.Bf5 Qa6
23.Nd6  1-0

[Event "Komercni Banka op"]
[Site "Pardubice"]
[Date "1999.07.23"]
[Round "8"]
[White "Zontakh, Andrey"]
[Black "Bokros, Albert"]
[Result "1-0"]
[WhiteElo "2535"]
[BlackElo "2405"]

1.d4 Nf6 2.c4 e6 3.Nf3 b6 4.a3 Bb7 5.Nc3 Ne4 6.Nxe4 Bxe4 7.Nd2 Bb7 8.e4 g6
9.Bd3 Bg7 10.Nf3 O-O 11.O-O d6 12.Bg5 Qe8 13.Qd2 Nd7 14.Rfe1 c5 15.d5 e5
16.Qc2 h6 17.Bd2 Nf6 18.b4 Nh5 19.bxc5 bxc5 20.g3 Bc8 21.Rab1 f5 22.exf5 gxf5
23.Nh4 Qd7 24.Rf1 e4 25.Be2 Re8 26.Qd1 Nf6 27.Bf4 Qe7 28.Bh5 Nxh5 29.Qxh5 Qf7
30.Qxf7+ Kxf7 31.Bxd6 Bd4 32.Bf4 Kf6 33.Ng2 Ba6 34.Rfc1 h5 35.h4 Rf8 36.Rb3 Rf7
37.Bg5+ Ke5 38.Nf4 Rh7 39.Ng6+ Kd6 40.Bf4+ Kd7 41.Be3 Kd6 42.Nf4 Rc8 43.Kf1 Bxe3
44.fxe3 Rhh8 45.Rcc3 Rcg8 46.Kf2 Rc8 47.Ke1 Rcg8 48.Ne2 Rg7 49.Kd2 Rgg8 50.Rb1 Re8
51.Rcc1 Reg8 52.Kc3 Rf8 53.Rf1 Rhg8 54.Rf2 Rh8 55.Rg1 Bc8 56.Nf4 Rfg8 57.Nh3 Re8
58.Ng5 Rhf8 59.Rb1 Ba6 60.Rbf1 Bc8 61.Rf4 Rg8 62.Rxf5 Bxf5 63.Rxf5 Rgf8 64.Rxf8 Rxf8
65.Nxe4+ Ke5 66.Nxc5 Rf1 67.Nd3+ Ke4 68.d6  1-0

[Event "Komercni Banka op"]
[Site "Pardubice"]
[Date "1999.07.23"]
[Round "8"]
[White "Vokac, Marek"]
[Black "Vatter, Hans Joachim"]
[Result "1-0"]
[WhiteElo "2494"]
[BlackElo "2361"]

1.Nf3 Nf6 2.c4 b6 3.d4 e6 4.a3 Bb7 5.Nc3 d5 6.Bg5 Be7 7.Qa4+ Qd7 8.Qc2 O-O
9.e3 a6 10.Rd1 Qd8 11.Be2 Nbd7 12.cxd5 exd5 13.O-O Bd6 14.Bd3 h6 15.Bh4 Qe8
16.Qb3 Qe6 17.Bb1 Rfe8 18.Rfe1 Rab8 19.Qc2 g6 20.Ba2 Ne4 21.Nxe4 Qxe4 22.Qxe4 Rxe4
23.Bg3 Bxg3 24.hxg3 Kf8 25.Re2 Ke8 26.Rc2 Kd8 27.Ne1 a5 28.Nd3 Re7 29.Bb3 g5
30.Ba4 Ba6 31.Bc6 Bc4 32.Rc3 Bxd3 33.Rdxd3 Nf6 34.f3 Re6 35.Kf2 Rd6 36.e4 dxe4
37.fxe4 Ng4+ 38.Kf3 Nh2+ 39.Ke2 Rf6 40.e5 Rf1 41.Rd1 Rxd1 42.Kxd1 Ke7 43.Bb5 c5
44.dxc5 bxc5 45.Rxc5 Ng4 46.Kc2 Ne3+ 47.Kd3 Nxg2 48.Ke2 Rd8 49.Bc6  1-0

[Event "Biel MTO"]
[Site "Biel"]
[Date "1999.07.24"]
[Round "5"]
[White "Cebalo, Miso"]
[Black "Schmidt, Jan Peter"]
[Result "1-0"]
[WhiteElo "2453"]
[BlackElo "2301"]

1.d4 Nf6 2.c4 e6 3.Nf3 b6 4.a3 c5 5.d5 Ba6 6.Qc2 exd5 7.cxd5 g6 8.Nc3 Bg7
9.g3 O-O 10.Bg2 Re8 11.O-O d6 12.Re1 Nbd7 13.h3 b5 14.Bf4 Qc8 15.Rad1 b4
16.Nb1 b3 17.Qxb3 Bxe2 18.Rc1 c4 19.Qb5 Rb8 20.Qc6 Rxb2 21.Nc3 Bxf3 22.Bxf3 Nc5
23.Rxe8+ Qxe8 24.Bxd6 Nd3 25.Ne4 Qd8 26.Rxc4 Nxe4 27.Rxe4 Rb1+ 28.Kh2 Re1
29.Be2 Be5 30.Bxe5 Nxf2 31.Bf6  1-0

[Event "Dutch Open"]
[Site "Dieren"]
[Date "1999.07.26"]
[Round "7"]
[White "Delemarre, Jop"]
[Black "Rapoport, Evgeny"]
[Result "1-0"]
[WhiteElo "2365"]
[BlackElo "2267"]

1.d4 Nf6 2.c4 e6 3.Nf3 b6 4.a3 Bb7 5.Nc3 d5 6.Bg5 Be7 7.Qa4+ c6 8.Bxf6 Bxf6
9.cxd5 exd5 10.g3 O-O 11.Bg2 Nd7 12.O-O Be7 13.Rac1 f5 14.Rfe1 Bd6 15.e3 a5
16.Qb3 Kh8 17.Na4 Rb8 18.Qc2 Qe7 19.Nh4 g6 20.f4 Ba6 21.Qxc6 Rfc8 22.Qxc8+ Rxc8
23.Rxc8+ Bxc8 24.Nc3 Nf6 25.Nxd5 Nxd5 26.Bxd5 Bb7 27.Bxb7 Qxb7 28.Kf2 Qc6
29.Nf3 Kg7 30.Re2 Qd5 31.h3 h6 32.h4 Be7 33.Rc2 Bd6 34.Re2 b5 35.Rc2 b4 36.axb4 axb4
37.Ke2 b3 38.Rc3 Bb4 39.Rc7+ Kf8 40.Kf2 Qe4 41.Ne5 Bd2 42.Nd7+  1-0

[Event "Dutch Open"]
[Site "Dieren"]
[Date "1999.07.28"]
[Round "8"]
[White "Gershon, Alik"]
[Black "Hoeksema, Hendrik Pieter"]
[Result "1-0"]
[WhiteElo "2492"]
[BlackElo "2404"]

1.d4 Nf6 2.c4 e6 3.Nf3 b6 4.a3 Bb7 5.Nc3 d5 6.cxd5 Nxd5 7.Qc2 Be7 8.e4 Nxc3
9.bxc3 c5 10.Bd3 O-O 11.O-O Qc8 12.Qa2 Rd8 13.Rd1 Ba6 14.Bxa6 Nxa6 15.Bf4 cxd4
16.cxd4 Qb7 17.Qe2 Rac8 18.Rd3 Nc7 19.Ne5 f6 20.Ng4 Kh8 21.Re1 Qa6 22.Qd1 Bxa3
23.Rh3 Bf8 24.Ne5 fxe5 25.Qh5 h6 26.Bxe5 Kh7 27.Qf7 Qb5 28.Bf4  1-0

[Event "Scandic Hotels CC (Women)"]
[Site "Stockholm"]
[Date "1999.08.01"]
[Round "2"]
[White "Dubinka, Inna"]
[Black "Vuksanovic, Sanja"]
[Result "1/2-1/2"]
[WhiteElo "2295"]
[BlackElo "2331"]

1.d4 e6 2.c4 Nf6 3.Nf3 b6 4.a3 Bb7 5.Nc3 d5 6.cxd5 Nxd5 7.e3 Be7 8.Bb5+ c6
9.Bd3 c5 10.Qc2 Nxc3 11.bxc3 Nc6 12.O-O Rc8 13.Qe2 O-O 14.Bb2 Bf6 15.Rfd1 Qc7
16.e4 Na5 17.e5 Be7 18.Nd2 Rfd8 19.Rac1 Bg5 20.Qh5 h6 21.Rb1 Bxd2 22.Rxd2 Nb3
23.Rdd1 cxd4 24.cxd4 Qc6 25.Qg4 Qa4 26.h3 Kh8 27.Qf4 Rd7 28.Be2 Rcd8 29.Bh5 Qc6
30.Bf3 Qc2 31.Bh5 Qe4 32.Qg3 Nxd4 33.Re1 Qc2 34.Bxd4 Rxd4 35.Bxf7 Qc6 36.Rbc1 Qd7
37.Bg6 Rd2 38.Bb1 Qf7 39.Qe3 R2d7 40.Qe2 Rd2 41.Qe3 R8d4 42.Re2 Rd1+ 43.Re1 R1d2
44.Re2 Rd1+  1/2-1/2

[Event "BCF-ch 86th"]
[Site "Scarborough"]
[Date "1999.08.02"]
[Round "2"]
[White "Devereaux, Maxim"]
[Black "Mercs, Peter J"]
[Result "1-0"]
[WhiteElo "2265"]
[BlackElo "2123"]

1.d4 Nf6 2.c4 e6 3.Nf3 b6 4.a3 Bb7 5.Nc3 d5 6.cxd5 exd5 7.Bg5 Be7 8.e3 O-O
9.Bd3 c6 10.Qc2 h6 11.h4 Na6 12.Bxf6 Bxf6 13.g4 g5 14.hxg5 hxg5 15.Bxa6  1-0

[Event "MK Cafe Cup-B"]
[Site "Koszalin"]
[Date "1999.08.05"]
[Round "3"]
[White "Murdzia, Piotr"]
[Black "Dimitrov, Vladimir"]
[Result "0-1"]
[WhiteElo "2375"]
[BlackElo "2464"]

1.d4 Nf6 2.c4 e6 3.Nf3 b6 4.a3 c5 5.d5 Ba6 6.Qc2 exd5 7.cxd5 d6 8.Nc3 g6
9.g3 Bg7 10.Bg2 O-O 11.O-O Re8 12.Re1 Nbd7 13.h3 b5 14.Bf4 Qb6 15.e4 Bb7
16.Be3 a6 17.Nd2 Rac8 18.a4 b4 19.Nc4 Qc7 20.Nb1 Ne5 21.Nbd2 Nfd7 22.a5 Nxc4
23.Nxc4 Ne5 24.Nb6 c4 25.Nxc8 Rxc8 26.Rad1 Nd3 27.Rxd3 cxd3 28.Qxc7 Rxc7
29.Rc1 Rc2 30.Rxc2 dxc2 31.Bc1 Bf6 32.Bf1 Bd8 33.Bd3 Bxa5 34.Bxc2 Bb6 35.Kf1 a5
36.Bd3 Bd4 37.b3 Bc8 38.h4 Bg4 39.Bc2 Kf8 40.Bg5 f6 41.Bf4 Ke7 42.Ke1 Bf3
43.Kf1 Bc5 44.Bc1 Kf7 45.Bb2 h6 46.Ke1 g5 47.Ba1 h5 48.Bb2 Bb6 49.Ba1 gxh4
50.gxh4 f5 51.exf5 Bd8 52.Bd4 Bxh4 53.Kd2 Bg5+  0-1

[Event "MK Cafe Cup-B"]
[Site "Koszalin"]
[Date "1999.08.06"]
[Round "4"]
[White "Jakubowski, Krzysztof"]
[Black "Wojtaszek, Radoslaw"]
[Result "1-0"]
[WhiteElo "2320"]
[BlackElo "2117"]

1.d4 Nf6 2.c4 e6 3.Nf3 b6 4.a3 Bb7 5.Nc3 d5 6.cxd5 Nxd5 7.Qc2 Be7 8.e4 Nxc3
9.bxc3 c5 10.Bb5+ Bc6 11.Bd3 O-O 12.O-O Nd7 13.Bf4 Qc8 14.Rfe1 Re8 15.d5 exd5
16.exd5 Bxd5 17.Bxh7+ Kh8 18.Bf5 Qb7 19.Rad1 Nf6 20.Ng5 Kg8 21.Be5 Bxg2 22.Bxf6 Bxf6
23.Bc8  1-0

[Event "MK Cafe Cup-B"]
[Site "Koszalin"]
[Date "1999.08.06"]
[Round "4"]
[White "Pljasunov, Aleksey"]
[Black "Murdzia, Piotr"]
[Result "0-1"]
[WhiteElo "2233"]
[BlackElo "2375"]

1.d4 Nf6 2.c4 e6 3.Nf3 b6 4.a3 c5 5.d5 Ba6 6.Qc2 exd5 7.cxd5 d6 8.Nc3 g6
9.g3 Bg7 10.Bg2 O-O 11.O-O Re8 12.Re1 b5 13.b4 Nbd7 14.Bb2 Qb6 15.h3 Rac8
16.Qb3 Bb7 17.e4 a6 18.Rac1 Nh5 19.Kf1 Qd8 20.Kg1 Nhf6 21.Kh2 Nb6 22.Nd2 Nfd7
23.f4 cxb4 24.axb4 Nc4 25.Nxc4 Rxc4 26.Ne2 Nb6 27.Bxg7 Kxg7 28.Qb2+ Qf6 29.Qxf6+ Kxf6
30.Rxc4 Nxc4 31.Nd4 Kg7 32.Re2 h6 33.h4 f5 34.Ne6+ Kf6 35.h5 fxe4 36.Bxe4 gxh5
37.Bf3 Re7 38.Kh3 Nb6 39.Rd2 Rxe6 40.dxe6 Bxf3 41.Rxd6 Nc4 42.Rxa6 Bg4+ 43.Kh2 Ke7
44.Ra7+ Kxe6 45.Rh7 Kd5 46.Rxh6 Nd6 47.Rf6 Nf5  0-1

[Event "Lost Boys op"]
[Site "Antwerp"]
[Date "1999.08.08"]
[Round "9"]
[White "Gershon, Alik"]
[Black "Gurevich, Mikhail"]
[Result "0-1"]
[WhiteElo "2492"]
[BlackElo "2643"]

1.d4 Nf6 2.c4 e6 3.Nf3 b6 4.a3 Bb7 5.Nc3 d5 6.cxd5 Nxd5 7.Qc2 Nxc3 8.bxc3 Be7
9.e4 O-O 10.Bd3 c5 11.O-O Qc8 12.Qa2 Rd8 13.Rd1 Ba6 14.Bxa6 Nxa6 15.Qe2 Qb7
16.Bf4 cxd4 17.cxd4 Rac8 18.Rd3 Nc7 19.Ne5 Ne8 20.Qh5 Bd6 21.Rg3 f6 22.Rh3 g5
23.Bxg5 Bxe5 24.dxe5 fxg5 25.Qxg5+ Kh8 26.Qh6 Qe7 27.Rf3 Nc7 28.Qf6+ Qxf6
29.exf6 Nb5 30.g4 Nd4 31.Rh3 Rg8 32.f3 e5 33.Rh5 Rg6  0-1

[Event "MK Cafe Cup-A"]
[Site "Koszalin"]
[Date "1999.08.11"]
[Round "8"]
[White "Eingorn, Vereslav S"]
[Black "Slobodjan, Roman"]
[Result "1/2-1/2"]
[WhiteElo "2589"]
[BlackElo "2550"]

1.d4 Nf6 2.c4 e6 3.Nf3 b6 4.a3 c5 5.d5 exd5 6.cxd5 d6 7.Nc3 g6 8.e4 Bg7 9.Bb5+ Bd7
10.Bd3 O-O 11.h3 b5 12.O-O Re8 13.Re1 Qb6 14.Bf4 Na6 15.e5 dxe5 16.Bxe5 Rad8
17.Qd2 c4 18.Bc2 Nc5 19.Qd4 Bf5 20.d6 Rxe5 21.Rxe5 Nfd7 22.Bxf5 Nxe5 23.Nxe5 gxf5
24.Rd1 Ne4 25.Qxb6 axb6 26.Nc6 Rxd6 27.Ne7+ Kf8 28.Nxf5 Rxd1+ 29.Nxd1 Be5
30.Nfe3 Nc5 31.Nd5 Na4 32.N1c3 Nxb2 33.Nxb5 Na4 34.Kf1 Ke8 35.f4 Bb8 36.g3 Kd7
37.Nb4 Nc5 38.Ke2 Ne4 39.Kf3 Nd6 40.Nc3 b5 41.a4 bxa4 42.Nxa4 Ba7 43.Nc3 Bd4
44.Ne2 Bc5 45.Nc2 Ke6 46.g4 Nb5 47.h4 f6 48.Ne3 Nd6 49.Nc3 Bd4 50.Ne2 Bc5
51.Ng3 Kf7 52.Nd5 Ke6 53.Nc3 Bd4 54.Nge2 Bxc3 55.Nxc3 Kf7 56.h5 Nb7 57.Ne4 Ke7
58.Ke3 Nd8 59.Nc3 Nf7 60.Kd4 Nh6 61.Nd5+ Ke6 62.Ne3 c3 63.Kxc3 Nxg4 64.Nxg4 Kf5
65.Nxf6 Kxf6 66.Kd4 Kf5 67.Ke3 Kf6 68.Ke4 Ke6 69.Kf3 Kf5 70.Kg3 Ke6 71.Kf2 Kf5
72.Kf3 Ke6 73.Ke4 Kf6 74.f5 Kf7 75.Ke5 Ke7 76.f6+ Kf7 77.Kf5 Ke8 78.Kf4 Kf7
79.Kg5 Ke6  1/2-1/2

[Event "MK Cafe Cup-B"]
[Site "Koszalin"]
[Date "1999.08.11"]
[Round "8"]
[White "Popov, Valerij"]
[Black "Bator, Robert"]
[Result "1-0"]
[WhiteElo "2523"]
[BlackElo "2431"]

1.d4 Nf6 2.Nf3 e6 3.c4 b6 4.a3 Bb7 5.Nc3 d5 6.cxd5 exd5 7.g3 Be7 8.Bg2 O-O
9.O-O c5 10.Bf4 Nc6 11.dxc5 bxc5 12.Rc1 Na5 13.Ne5 d4 14.Bxb7 Nxb7 15.Na4 Nd5
16.Bd2 Nb6 17.Qb3 Nxa4 18.Qxa4 Qd5 19.f4 Bf6 20.Qc4 Rad8 21.Nd3 Qh5 22.Rfe1 Rfe8
23.Nxc5 Nxc5 24.Qxc5 Qxc5 25.Rxc5 d3 26.Kf1 dxe2+ 27.Rxe2 Rxe2 28.Kxe2 Bxb2
29.a4 Bd4 30.Rc6 h5 31.a5 Rd5 32.h3 f5 33.Rc7 Rd6 34.Re7 Kf8 35.Rb7 Ke8 36.Bb4 Re6+
37.Kd3 Bf2 38.Rxg7 Re3+ 39.Kd2 Rxg3 40.Re7+ Kd8 41.Ke2 Bg1 42.Re5 Kc7 43.h4 Rg4
44.Be1 Rxf4 45.Bg3 Rg4 46.Kf3 f4 47.Be1 Be3 48.Rxh5 Rg1 49.Bc3 Kc6 50.Rf5 Rf1+
51.Ke4 Rc1 52.Bg7 Rh1 53.h5 Bd2 54.Bd4 a6 55.Bb6 Rh3 56.Rc5+ Kb7 57.Rc7+ Kb8
58.Rh7 f3 59.Ke5 f2  1-0

[Event "VISA Nordic GP fin"]
[Site "Gentofte"]
[Date "1999.08.18"]
[Round "11"]
[White "Olafsson, Helgi"]
[Black "Hansen, Sune Berg"]
[Result "0-1"]
[WhiteElo "2494"]
[BlackElo "2558"]

1.d4 Nf6 2.c4 e6 3.Nf3 b6 4.a3 Ba6 5.Nbd2 Bb7 6.e3 c5 7.Bd3 cxd4 8.exd4 Be7
9.O-O O-O 10.b3 d6 11.Bb2 Nbd7 12.Re1 Re8 13.b4 Rc8 14.Qb3 Qc7 15.a4 Bf8
16.a5 g6 17.axb6 axb6 18.Ra7 Ra8 19.Rxa8 Bxa8 20.Bf1 Bg7 21.g3 Bb7 22.Bg2 Rc8
23.Rc1 Bh6 24.Rc2 Bd5 25.Rc3 Ba8 26.Nb1 e5 27.Qd1 Re8 28.Na3 Qb8 29.d5 Bb7
30.Bc1 Bg7 31.Nb5 Ba6 32.Qa4 Bxb5 33.Qxb5 Rc8 34.Bh3 Rc7 35.Ra3 Qc8 36.Bg5 Ne4
37.Bxd7 Rxd7 38.Be3 Rc7 39.Ra6 Nc3 40.Qxb6 Rxc4 41.Ra5 Qh3 42.Ra8+ Bf8 43.Rxf8+ Kxf8
44.Qxd6+ Kg8 45.Kh1 Rc8 46.Ng1 Qf1 47.Qd7 Rf8  0-1

[Event "Polanica Zdroj op"]
[Site "Polanica Zdroj"]
[Date "1999.08.18"]
[Round "2"]
[White "Jakubowski, Maciej"]
[Black "Fedorchuk, Sergey A"]
[Result "0-1"]
[WhiteElo "2335"]
[BlackElo "2457"]

1.d4 Nf6 2.Nf3 e6 3.c4 b6 4.a3 Ba6 5.Qc2 Bb7 6.Nc3 c5 7.e4 cxd4 8.Nxd4 d6
9.Be2 Nbd7 10.Be3 Be7 11.O-O Rc8 12.f4 Qc7 13.Rad1 Qb8 14.b3 O-O 15.Bf3 Nc5
16.f5 Qa8 17.Bg5 Bd8 18.fxe6 fxe6 19.e5 dxe5 20.Bxb7 Qxb7 21.Ndb5 Be7 22.b4 Ncd7
23.Ne4 Nxe4 24.Bxe7 Rxf1+ 25.Rxf1 a6 26.Nd6 Nxd6 27.Bxd6 Qc6 28.Rd1 Qxc4
29.Qf2 Qg4 30.Qf1 Rc2 31.Rd3 Qc4 32.Qf3 e4 33.Qh3 Nf6  0-1

[Event "Presov"]
[Site "Presov"]
[Date "1999.08.18"]
[Round "5"]
[White "Ftacnik, Lubomir"]
[Black "Votava, Jan"]
[Result "1/2-1/2"]
[WhiteElo "2589"]
[BlackElo "2497"]

1.d4 Nf6 2.Nf3 e6 3.c4 b6 4.a3 Bb7 5.Nc3 d5 6.cxd5 exd5 7.Qa4+ c6 8.g3 Bd6
9.Bg2 O-O 10.O-O Nbd7 11.Qc2 Re8 12.Rd1 Bf8 13.Bf4 Nh5 14.Bg5 Be7 15.Bxe7 Qxe7
16.Nd2 Nhf6 17.e3 Nf8 18.b4 Ne6 19.Nb3 Ng5 20.b5 cxb5 21.Nxb5 Nge4 22.Rdc1 Rac8
23.Qb2 a6 24.Nc3 h5 25.Nxe4 dxe4 26.Nd2 b5 27.Nb3 Bd5 28.Nc5 Rc6 29.a4 Rb8
30.Bf1 Qd6 31.axb5 axb5 32.Qb4 h4 33.Ra5 hxg3 34.hxg3 Ng4 35.Be2 Nxe3 36.Rxb5 Rxb5
37.Bxb5 Rb6 38.Qc3 Nf5 39.Nd7 Rxb5 40.Qc8+ Kh7 41.Nf8+ Kg8 42.Nd7+ Kh7 43.Nf8+ Kg8  1/2-1/2

[Event "Zuglo Hotel op 2nd"]
[Site "Budapest"]
[Date "1999.08.21"]
[Round "1"]
[White "Szabolcsi, Janos"]
[Black "Balogh, Viktor"]
[Result "1-0"]
[WhiteElo "2441"]
[BlackElo "2156"]

1.d4 Nf6 2.c4 e6 3.Nf3 b6 4.a3 Ba6 5.Qc2 c5 6.e4 d5 7.Bg5 dxe4 8.Bxf6 gxf6
9.Qxe4 Nd7 10.Nc3 f5 11.Qe3 cxd4 12.Nxd4 Bc5 13.O-O-O Qe7 14.Be2 Rc8 15.Qg3 Bxd4
16.Rxd4 Nc5 17.Kb1 Kf8 18.Rhd1 Bb7 19.f3 Bc6 20.Bf1 Rg8 21.Qh3 Kg7 22.Rh4 Rh8
23.Qg3+ Kf8 24.Rh6 Nd7 25.Bd3 f6 26.Qh4 Qg7 27.Re1 Re8 28.Ne2 Qg5 29.Qxg5 fxg5
30.Nd4 Nc5 31.Nxe6+ Nxe6 32.Rhxe6 Rxe6 33.Rxe6 Bd7 34.Rh6 Kf7 35.Kc2 g4 36.fxg4 fxg4
37.Rxh7+ Rxh7 38.Bxh7 Kf6 39.Kd3 Ke5 40.Be4 Be6 41.b3 a5 42.Bd5 Bf5+ 43.Ke3 Bc2
44.b4 axb4 45.axb4 Bb3 46.b5  1-0

[Event "FRA-ch qual"]
[Site "Bescanon"]
[Date "1999.08.22"]
[Round "5"]
[White "Toulzac, Pierre Yves"]
[Black "Clery, Nicolas"]
[Result "1-0"]
[WhiteElo "2265"]
[BlackElo "2172"]

1.d4 Nf6 2.c4 e6 3.Nf3 b6 4.a3 Ba6 5.Qc2 Bb7 6.Nc3 c5 7.e4 cxd4 8.Nxd4 Nc6
9.Nxc6 Bxc6 10.Be2 Qb8 11.f4 Bc5 12.e5 Bxg2 13.exf6 Bxh1 14.fxg7 Rg8 15.Qxh7 Ke7
16.Bd2 Bd4 17.Nb5 Rxg7 18.Bb4+ d6 19.Qh4+ Bf6 20.Qf2 Qh8 21.Bxd6+ Ke8 22.Nc7+ Kd7
23.O-O-O Bxb2+ 24.Kxb2  1-0

[Event "Abu Dhabi Masters op"]
[Site "Abu Dhabi"]
[Date "1999.08.24"]
[Round "4"]
[White "Kaabi, Mejdi"]
[Black "Zagrebelny, Sergey"]
[Result "0-1"]
[WhiteElo "2362"]
[BlackElo "2521"]

1.d4 Nf6 2.Nf3 e6 3.c4 b6 4.a3 d5 5.Nc3 Be7 6.Qa4+ c6 7.g3 O-O 8.Bg2 a6 9.cxd5 cxd5
10.O-O b5 11.Qc2 Nbd7 12.Bf4 Bb7 13.Ne5 Rc8 14.Nxd7 Nxd7 15.Qd3 Nb6 16.Rac1 Nc4
17.Rc2 Qb6 18.Rd1 Rfd8 19.h4 a5 20.h5 f5 21.Bf3 Rf8 22.Rdc1 Bf6 23.e3 Bc6
24.Nb1 a4 25.g4 g6 26.hxg6 hxg6 27.gxf5 gxf5 28.Bh5 Kg7 29.f3 Rh8 30.Rg2+ Kf8
31.Bg6 Ke7 32.b3 axb3 33.Qxb3 Bxd4 34.Bg5+ Kd7 35.exd4 Qxd4+ 36.Kf1 f4 37.Rxc4 bxc4
38.Qc3 Rh1+  0-1

[Event "Abu Dhabi Masters op"]
[Site "Abu Dhabi"]
[Date "1999.08.27"]
[Round "6"]
[White "Khalid, Al Shaali"]
[Black "Ali, Abdulkhaleq"]
[Result "0-1"]
[WhiteElo "2211"]
[BlackElo "2092"]

1.d4 Nf6 2.c4 e6 3.Nf3 b6 4.a3 Bb7 5.Nc3 d5 6.cxd5 Nxd5 7.Qc2 Be7 8.e4 Nxc3
9.bxc3 c5 10.Bb5+ Bc6 11.Bxc6+ Nxc6 12.Qa4 Qd7 13.O-O O-O 14.Bf4 Rfd8 15.Rfd1 Ne5
16.Qxd7 Nxf3+ 17.gxf3 Rxd7 18.d5 exd5 19.Rxd5 Rxd5 20.exd5 Bf6 21.Rd1 g5
22.Bc7 Rc8 23.Bg3 Bxc3 24.d6 Rd8 25.Rd5 f6 26.f4 gxf4 27.Bxf4 Be5 28.Bxe5 fxe5
29.Rxe5 Rxd6 30.Re7 a6 31.a4 Rc6 32.Kf1 b5 33.a5 c4 34.Ke2 b4 35.Kd2 Rf6
36.Ke3 b3 37.Rb7 Rd6 38.Rb4 Rd5 39.f4 Rxa5 40.Kd4 Rb5  0-1